000
00303nam a2200109Ia 4500
008
220713s9999 xx 000 0 und d
020
_a
0 795905246
082
_a
AF JOUB
100
_a
Joubert, Junita
_9
107634
245
0
_a
OM DIE LIEFDE TE EIEN
942
_c
BK
_w
561
_x
John Tresidder
_y
_z
CRON CRON
999
_c
713186
_d
713185